|
|
|
|
| LEADER |
00000ny a22000003n 4500 |
| 005 |
20110622122911.0 |
| 008 |
100324s1999 sp 000 spa |
| 020 |
|
|
|a 9788495027405
|
| 035 |
|
|
|a 4844
|
| 040 |
|
|
|a SpMaUCDE
|d vlex
|
| 080 |
|
|
|a 336.12:353.9(460)
|
| 090 |
|
|
|c 1237
|d 1237
|
| 100 |
1 |
|
|a Fernǹdez Amor, Jos ̌Antonio
|
| 245 |
1 |
0 |
|a Anl̀isis jurd̕ico del recargo autonm̤ico
|h [Recurso electrn̤ico]
|b relaciones con los tributos cedidos /
|c Jos ̌Antonio Fernǹdez Amor
|
| 256 |
|
|
|a Servicio en ln̕ea
|
| 260 |
|
|
|a Barcelona :
|b Cedecs,
|c 1999
|
| 300 |
|
|
|a p. ;
|c cm
|
| 506 |
1 |
|
|a Contenido solo disponible en los productos indicados
|d vLex Global
|d vLex Global (Academic Edition, excluding Law Schools)
|d vLex Global (U.S. Academic Edition, Law Schools)
|d vLex Global (U.S. Academic Edition, excluding Law Schools)
|d vLex Global (Academic Edition, Law Schools)
|
| 650 |
0 |
4 |
|a Derecho administrativo
|z Espaą
|z Comunidades autn̤omas
|
| 650 |
0 |
4 |
|a Finanzas
|z Espaą
|z Comunidades Autn̤omas
|
| 650 |
0 |
4 |
|a Hacienda pb︢lica
|z Espaą
|x Comunidades autn̤omas
|
| 740 |
0 |
|
|a vLex Libros (Servicios en ln̕ea)
|
| 856 |
4 |
0 |
|z Acceso restringido
|u http://vlex.com/source/analisis-juridico-recargo-autonomico-relaciones-tributos-cedidos-4844
|
| 942 |
|
|
|c BOOK
|
| 999 |
0 |
4 |
|a Comunidades autn̤omas
|
| 999 |
0 |
4 |
|a Hacienda autonm̤ica
|z Espaą.
|